000
00266nam a22001217a 4500
999
_c
159530
_d
159530
082
_a
_b
100
_a
Musannif I L
245
_a
Histories of India/
_c
by Musannif I L.
260
_a
New Delhi:
_b
Discovery,
_c
1989.
300
_a
279p.
650
_a
942
_c
BK